书目信息 |
| 题名: |
徐志摩散文选集
|
|
| 作者: | 林呐 主编 | |
| 分册: | ||
| 出版信息: | 天津 百花文艺出版社 1989.10 |
|
| 页数: | 223页 | |
| 开本: | 32开 | |
| 丛书名: | ||
| 单 册: | ||
| 中图分类: | ||
| 科图分类: | ||
| 主题词: | 散文--中国 , 散文--作品综合集--中国 | |
| 电子资源: | ||
| ISBN: | 7-5306-0290-X | |
| 000 | 00585nam0 2200217 45 | |
| 001 | 9909271515 | |
| 005 | 20070409152414.14 | |
| 010 | @a7-5306-0290-X@dCNY 23.00 | |
| 100 | @a19990927d1989 km y0chiy0120 ea | |
| 101 | @achi | |
| 200 | 1 | @a徐志摩散文选集@AXu Zhi Mo San Wen Xuan Ji@f林呐等主编@FLin Na Deng Zhu Bian |
| 205 | @a2 | |
| 210 | @a天津@c百花文艺出版社@d1989.10 | |
| 215 | @a223页@d32开 | |
| 606 | 0 | @a散文@x中国 |
| 606 | 0 | @a散文@x作品综合集@x中国 |
| 690 | @v3 | |
| 690 | @aI266@v3 | |
| 701 | @a林呐@4主编 | |
| 801 | @aCN@c20070409 | |
| 905 | @f3@b40736-738@dI266@eL.013/2 | |
| 徐志摩散文选集/林呐等主编.-2.-天津:百花文艺出版社,1989.10 |
| 223页;32开 |
| ISBN 7-5306-0290-X:CNY 23.00 |
| ● |
| 相关链接 |
|
|
|
正题名:徐志摩散文选集
索取号:I266/L.013/2
 
预约/预借
| 序号 | 登录号 | 条形码 | 馆藏地/架位号 | 状态 | 备注 |
| 1 | 398954 | 203989540 | 社科二线400B/400B社科库 4排3列4层/ [索取号:I266/L.013/2] | 在馆 | |
| 2 | 398955 | 203989559 | 社科二线400B/400B社科库 25排1列2层/ [索取号:I266/L.013/2] | 在馆 | |
| 3 | 398956 | 203989568 | 文学库116/116文学库 1排4列5层/ [索取号:I266/L.013/2] | 在馆 | |
| 4 | 40736 | 200407363 | 文学库116/ [索取号:I266/L.013/2] | 在馆 | |
| 5 | 40737 | 200407372 | 社科二线400B/400B社科库 13排4列2层/ [索取号:I266/L.013/2] | 在馆 | |
| 6 | 40738 | 200407381 | 社科二线400B/400B社科库 13排4列2层/ [索取号:I266/L.013/2] | 在馆 | |
| 7 | 446618 | 204466185 | 社科二线400B/400B社科库 1排4列6层/ [索取号:I266/L.013/2] | 在馆 | |
| 8 | 449347 | 204493477 | 社科二线422/422社科库 51排6列3层/ [索取号:I266/L.013/2] | 在馆 | |
| 9 | 449348 | 204493486 | 社科二线400B/400B社科库 25排1列2层/ [索取号:I266/L.013/2] | 在馆 |